| 000 | 01031ata a2200409 4500 | ||
|---|---|---|---|
| 005 | 20240524192044.0 | ||
| 008 | 150514b2007 xxu||||| |||| 00| 0 spa d | ||
| 020 | _a8482592882 | ||
| 041 | _aESP | ||
| 082 | _a577 C569c | ||
| 245 | _aCiencias medioambientales | ||
| 260 | _aEspaña | ||
| 260 | _bAlfanauta | ||
| 260 | _c2007 | ||
| 300 | _a246 páginas | ||
| 650 | _aECOLOGÍA | ||
| 650 | _aCIENCIAS AMBIENTALES | ||
| 650 | _aBIOSFERA | ||
| 650 | _aBIOGEOGRAFÍA | ||
| 650 | _aECOSISTEMAS | ||
| 650 | _aEDUCACIÓN FÍSICA | ||
| 650 | _aZONAS CLIMÁTICAS | ||
| 650 | _aECOLOGÍA TRÓPICA | ||
| 650 | _aCICLOS DE LA MATERIA | ||
| 650 | _aIMPACTO AMBIENTAL | ||
| 650 | _aJUEGOS Y DEPORTES | ||
| 650 | _aMETEOROLOGÍA | ||
| 650 | _aHIGIENE Y SALUD | ||
| 650 | _aALIMENTACIÓN | ||
| 650 | _aACTIVIDAD FÍSICA | ||
| 650 | _aEXPRESIÓN CORPORAL | ||
| 650 | _aDEPORTES COLECTIVOS | ||
| 650 | _aHIGIENE PERSONAL | ||
| 650 | _aRELACIONES SEXUALES | ||
| 650 | _aPRIMEROS AUXILIOS | ||
| 942 |
_cBK _2ddc |
||
| 999 |
_c5525 _d5525 |
||